Central Library OPAC University of Rajshahi

Marketing through retailers / (Record no. 15788)

MARC details
000 -LEADER
fixed length control field 00857cam a22002651a 4500
001 - CONTROL NUMBER
control field 15788
003 - CONTROL NUMBER IDENTIFIER
rucl marc code BD-RjUL
005 - DATE AND TIME OF LATEST TRANSACTION
control field 20211208235904.0
008 - FIXED-LENGTH DATA ELEMENTS--GENERAL INFORMATION
fixed length control field 140210s1967 nyu 000 0 eng
035 ## - SYSTEM CONTROL NUMBER
System control number (BD-RjUL)15843
System control number (OCoLC)243648
040 ## - CATALOGING SOURCE
Original cataloging agency DLC
Transcribing agency ODaWU
Modifying agency OCoLC
-- DFT
-- DLC
-- BD-RjUL
Language of cataloging eng
041 ## - LANGUAGE CODE
Language code of text/sound track or separate title eng
082 ## - DEWEY DECIMAL CLASSIFICATION NUMBER
Classification number 381.0973
Author mark and year MAR 1967
100 1# - MAIN ENTRY--PERSONAL NAME
Personal name McNair, Malcolm P.
Fuller form of name (Malcolm Perrine),
Dates associated with a name 1894-1985,
9 (RLIN) 47110
245 10 - TITLE STATEMENT
Title Marketing through retailers /
Statement of responsibility, etc. edited by Malcolm P. McNair and Mira Berman.
260 ## - PUBLICATION, DISTRIBUTION, ETC. (IMPRINT)
Place of publication, distribution, etc. New York [N.Y.] :
Name of publisher, distributor, etc. American Management Association,
Date of publication, distribution, etc. c1967.
300 ## - PHYSICAL DESCRIPTION
Pagination 175 p. ;
Size 24 cm.
650 #0 - SUBJECT ADDED ENTRY--TOPICAL TERM
Topical term or geographic name as entry element Retail trade
Geographic subdivision United States.
9 (RLIN) 48145
700 1# - ADDED ENTRY--PERSONAL NAME
Personal name Berman, Mira,
Relator term ed.
710 2# - ADDED ENTRY--CORPORATE NAME
Corporate name or jurisdiction name as entry element American Management Association.
9 (RLIN) 48970
942 ## - ADDED ENTRY ELEMENTS (KOHA)
Source of classification or shelving scheme Dewey Decimal Classification
Koha item type Books
Holdings
Lost status Source of classification or shelving scheme Damaged status Not for loan Collection code Permanent Location Current Location Shelving location Date acquired Source of acquisition Cost, normal purchase price Total Checkouts Full call number Date last seen Copy number Koha item type
  Dewey Decimal Classification   Not For Loan Non-fiction Central Library, University of Rajshahi Central Library, University of Rajshahi Rare Book Section 22/07/1971 Zeitlinger 70.00   381.0973 MAR 1967 10/02/2014 C-1 Books
  Dewey Decimal Classification     Non-fiction Central Library, University of Rajshahi Central Library, University of Rajshahi   22/07/1971 Zeitlinger 70.00   381.0973 MAR 1967 10/02/2014 C-2 Books